LEADER 01238nam2-2200385---450- 001 990002827050203316 005 20090505165115.0 010 $a1-84171-902-1 035 $a000282705 035 $aUSA01000282705 035 $a(ALEPH)000282705USA01 035 $a000282705 100 $a20061017d2006----km-y0itaa50------ba 101 0 $aeng 102 $aGB 105 $aa|||z|||001yy 200 1 $aArchaeology of the Mimbres region, Southwestern New Mexico, USA$fStephen H. Lekson 210 $aOxford$cArchaeopress$d2006 215 $aXXII, 141 p.$cill.$d30 cm 225 2 $aBAR International series$v1466 410 0$1001000018484$12001 606 0 $aScavi archeologici$yNew Mexico 676 $a978.9 700 1$aLEKSON,$bStephen H.$0595043 801 0$aIT$bsalbc$gISBD 912 $a990002827050203316 951 $aXI.5. Coll. 12/ 344$b189194 L.M.$cXI.5. Coll.$d00124975 959 $aBK 969 $aUMA 979 $aANNAMARIA$b90$c20061017$lUSA01$h1313 979 $aANNAMARIA$b90$c20071016$lUSA01$h1741 979 $aANNAMARIA$b90$c20071017$lUSA01$h0818 979 $aANNAMARIA$b90$c20090505$lUSA01$h1651 996 $aArchaeology of the Mimbres region, Southwestern New Mexico, USA$9993975 997 $aUNISA LEADER 00687nam0-22002651i-450 001 990002689110403321 005 20230710100007.0 035 $a000268911 035 $aFED01000268911 035 $a(Aleph)000268911FED01 100 $a20030910d1963----km-y0itay50------ba 101 0 $aita 102 $aIT 200 1 $aCalcolo computistico$fG. Prina 205 $aQuarta edizione 210 $aMilano$cMursia$d1963 215 $a1 v. 222 p.$d21 cm 700 1$aPrina,$bGiorgio$0110161 801 0$aIT$bUNINA$gRICA$2UNIMARC 901 $aBK 912 $a990002689110403321 952 $aC2-P43-29-RA$bs.i.$fECA 959 $aECA 996 $aCalcolo computistico$9429178 997 $aUNINA